| 000 | 00851nam a2200301Ia 4500 | ||
|---|---|---|---|
| 001 | Z_3320 | ||
| 003 | CHAP | ||
| 008 | 220113s1980 xx 000 0 und d | ||
| 010 | _a166429 | ||
| 040 | _cCHAP | ||
| 082 | _a636.2 T6y | ||
| 100 |
_aTorrent Molleví, Mateo _9114029 |
||
| 245 |
_aBovinotecnia lechera y cárnica / _cpor Mateo Torrent Molleví |
||
| 260 |
_aBarcelona : _bAedos, _c1980 |
||
| 300 | _a2 v. ; ilus. | ||
| 440 |
_aBiblioteca agrícola Aedos _912228 |
||
| 500 | _aContenido : v.1 Morfología, razas, genética .- v.2 Mejora, selección, producción, economía | ||
| 503 | _aV. 1 C/E V. II 130984 | ||
| 650 |
_aGanado de carne _945067 |
||
| 650 |
_aGanado lechero _945237 |
||
| 650 |
_aGanado vacuno _945425 |
||
| 901 | _a636.2 T6y | ||
| 902 | _aA | ||
| 910 | _a1980 | ||
| 942 | _c1 | ||
| 942 | _cc1 | ||
| 999 |
_c166429 _d166429 |
||